| 000 | 00538cam a22001695a 4500 | ||
|---|---|---|---|
| 001 | L155158 | ||
| 008 | 120307s1623 xxk f 000 0 eng d | ||
| 035 | _a(Sirsi) u155158 | ||
| 041 | 0 | _aeng | |
| 100 | 1 |
_aGunter, Edmund _d1581-1626 |
|
| 245 | 0 | 4 |
_aThe description and vse of the sector _bfor such as are studious of mathematicall practise |
| 260 |
_aLondon _bPrinted by William Iones _c1623 |
||
| 583 |
_aCondition reviewed _c20120620 _lcondition level 1 |
||
| 651 | 4 |
_aGreat Britain _y1707- |
|
| 690 |
_aMeasurement _96256 |
||
| 942 | _n0 | ||
| 999 |
_c113355 _d113355 |
||